Rakshavahini:Bharatiya senapadegala parichaya ರಕ್ಷವಾಹಿನಿ :ಭಾರತೀಯ ಸೇನಾಪಡೆಗಳ ಪರಿಚಯ (Record no. 222828)

MARC details
000 -LEADER
fixed length control field 00767nam a22002057a 4500
005 - DATE AND TIME OF LATEST TRANSACTION
control field 20220507102526.0
008 - FIXED-LENGTH DATA ELEMENTS--GENERAL INFORMATION
fixed length control field 220507b ||||| |||| 00| 0 eng d
040 ## - CATALOGING SOURCE
Transcribing agency AL
041 ## - LANGUAGE CODE
Language code of text/sound track or separate title Kannada
082 ## - DEWEY DECIMAL CLASSIFICATION NUMBER
Edition number 23
Classification number 355K
Item number BALR
100 ## - MAIN ENTRY--PERSONAL NAME
Personal name H K Balasuri ಎಚ್. ಕೆ. ಬಾಲಸೂರಿ
100 ## - MAIN ENTRY--PERSONAL NAME
9 (RLIN) 34678
245 ## - TITLE STATEMENT
Title Rakshavahini:Bharatiya senapadegala parichaya ರಕ್ಷವಾಹಿನಿ :ಭಾರತೀಯ ಸೇನಾಪಡೆಗಳ ಪರಿಚಯ
260 ## - PUBLICATION, DISTRIBUTION, ETC.
Place of publication, distribution, etc. Bengaluru
Name of publisher, distributor, etc. Anoohya Creations
Date of publication, distribution, etc. 2000
300 ## - PHYSICAL DESCRIPTION
Extent xvi,136 p.
Other physical details PB
Dimensions 24x18 cm.
365 ## - TRADE PRICE
Currency code
Unit of pricing ₹375.00
650 ## - SUBJECT ADDED ENTRY--TOPICAL TERM
Topical term or geographic name entry element Yuddagalu ಯುದ್ಧಗಳು
9 (RLIN) 34679
650 ## - SUBJECT ADDED ENTRY--TOPICAL TERM
Topical term or geographic name entry element ಯೋಧರು ಮತ್ತು ಸಾಧನೆ
9 (RLIN) 34680
700 ## - ADDED ENTRY--PERSONAL NAME
Personal name BALASURI (H K)
9 (RLIN) 34681
942 ## - ADDED ENTRY ELEMENTS (KOHA)
Source of classification or shelving scheme Dewey Decimal Classification
Koha item type George Fernandes Collections

No items available.